| 000 | 00562 a2200169 4500 | ||
|---|---|---|---|
| 003 | OSt | ||
| 005 | 20231006141952.0 | ||
| 008 | 231006b |||||||| |||| 00| 0 eng d | ||
| 020 | _a9789352872039 | ||
| 040 | _coclc | ||
| 082 |
_a809.933553 _bRAN/E |
||
| 100 | 1 |
_aRangarajan, Swarnalatha, _d1969- _99686 |
|
| 245 |
_aEco critcism : _b big ideas and practical strategies / _cSwarnalatha Rangarajan; edited by Scott Slovic |
||
| 260 |
_bOrient Blackswan, _c2022. |
||
| 300 | _a189 p | ||
| 942 |
_2ddc _cBK _h809.933553 _iRAN/E _k809.933553 _mRAN/E |
||
| 999 |
_c42557 _d42557 |
||